[Event "GER-chT U20"]
[Site "Naumburg Saale"]
[Date "2014.12.29"]
[Round "6.5"]
[White "Riederer, Martin"]
[Black "Schumann, Steffen"]
[Result "1/2-1/2"]
[WhiteElo "2093"]
[BlackElo "1821"]
[PlyCount "70"]
[EventDate "2014.12.27"]
[EventType "team-swiss"]
[EventRounds "7"]
[EventCountry "GER"]
[SourceTitle "EXT 2016"]
[Source "ChessBase"]
[SourceDate "2015.10.08"]
[SourceVersion "1"]
[SourceVersionDate "2015.10.08"]
[SourceQuality "1"]
[WhiteTeam "Hamburger SK"]
[BlackTeam "Wildeshausen"]
[WhiteTeamCountry "GER"]
[BlackTeamCountry "GER"]

1. d4 Nf6 2. c4 g6 3. Nc3 Bg7 4. e4 d6 5. Nf3 0-0 6. g3 Nbd7 7. Bg2 e5 8. 0-0 exd4 9. Nxd4 Re8 10. Re1 a6 11. h3 Rb8 12. Be3 Ne5 13. b3 c5 14. Nde2 b5 15. f4 Ned7 16. Qxd6 b4 17. e5 bxc3 18. exf6 Rxe3 19. fxg7 Rb6 20. Qd1 Rbe6 21. Rc1 Qe7 22. Kf2 Nf6 23. Rxc3 Ne4+ 24. Bxe4 R3xe4 25. Qd2 Rd6 26. Rd3 Rxd3 27. Qxd3 Bxh3 28. Qd2 Qb7 29. Qd5 Qe7 30. Qd2 Qb7 31. Qd8+ Kxg7 32. Qd5 Qe7 33. Qd2 Qb7 34. Qd5 Qe7 35. Qd2 Qb7 1/2-1/2

[Event "GER-ch U18"]
[Site "Oberhof"]
[Date "2012.05.29"]
[Round "5"]
[White "Riederer, Martin"]
[Black "Karthaeuser, Johannes"]
[Result "1/2-1/2"]
[WhiteElo "2054"]
[BlackElo "1954"]
[PlyCount "143"]
[EventDate "2012.05.27"]
[EventType "swiss"]
[EventRounds "9"]
[EventCountry "GER"]
[SourceTitle "CBM 148 Extra"]
[Source "ChessBase"]
[SourceDate "2012.06.22"]
[SourceVersion "1"]
[SourceVersionDate "2012.06.22"]
[SourceQuality "1"]

1. d4 Nf6 2. c4 g6 3. Nc3 Bg7 4. e4 d6 5. Nf3 0-0 6. Be2 e5 7. dxe5 dxe5 8. Qxd8 Rxd8 9. Bg5 Re8 10. 0-0-0 h6 11. Be3 c6 12. Ne1 Ng4 13. Bxg4 Bxg4 14. f3 Be6 15. b3 Nd7 16. Nd3 Bf8 17. Kb2 f5 18. exf5 Bxf5 19. g4 Bxd3 20. Rxd3 Nc5 21. Rd2 Kf7 22. Rhd1 b6 23. Kc2 Ne6 24. Ne4 Rad8 25. Rd7+ Rxd7 26. Rxd7+ Re7 27. Rd2 Rc7 28. Kb2 Bg7 29. a3 Nd4 30. Bxd4 exd4 31. Kc2 Ke6 32. Kd3 Be5 33. Rf2 g5 34. Ng3 Bxg3 35. hxg3 c5 36. Rh2 Rh7 37. f4 gxf4 38. gxf4 Kf6 39. b4 Kg6 40. Rh5 Rf7 41. bxc5 bxc5 42. Rxc5 Rxf4 43. Rd5 Rxg4 44. c5 Kf7 45. Rf5+ Ke6 46. Rh5 Kd7 47. Rxh6 Rg3+ 48. Kxd4 Rxa3 49. Kd5 Rd3+ 50. Kc4 Rg3 51. Ra6 Rg1 52. Rxa7+ Kc6 53. Ra6+ Kc7 54. Ra3 Rg4+ 55. Kb5 Rg6 56. Ra7+ Kc8 57. Rh7 Rf6 58. Rg7 Rh6 59. Rf7 Rg6 60. Rf4 Rh6 61. Rf5 Rg6 62. Rd5 Rh6 63. c6 Rh1 64. Kc5 Rc1+ 65. Kd6 Rh1 66. Re5 Rd1+ 67. Rd5 Rxd5+ 68. Kxd5 Kc7 69. Kc5 Kc8 70. Kd6 Kd8 71. c7+ Kc8 72. Kc6 1/2-1/2

[Event "NRW-ch U16"]
[Site "Kranenburg"]
[Date "2009.04.16"]
[Round "5"]
[White "Greifenberg, Daniel"]
[Black "Riederer, Martin"]
[Result "0-1"]
[WhiteElo "1739"]
[BlackElo "1714"]
[PlyCount "54"]
[EventDate "2009.04.13"]
[EventType "swiss"]
[EventRounds "7"]
[EventCountry "GER"]
[SourceTitle "EXT 2010"]
[Source "ChessBase"]
[SourceDate "2010.11.25"]
[SourceVersion "1"]
[SourceVersionDate "2010.11.25"]
[SourceQuality "1"]

1. d4 e6 2. c4 f5 3. Nc3 Nf6 4. Bg5 Be7 5. Nf3 d5 6. e3 0-0 7. Be2 c6 8. 0-0 Bd7 9. Qb3 Qb6 10. Ne5 Be8 11. Bf4 Nbd7 12. Qc2 Nxe5 13. Bxe5 Nd7 14. Bg3 g5 15. f4 Bg6 16. Bd3 Qd8 17. Qf2 Nf6 18. fxg5 Ne4 19. Bxe4 fxe4 20. Bf4 Bxg5 21. g3 Bxf4 22. gxf4 Bh5 23. cxd5 exd5 24. Qg3+ Kh8 25. Kf2 Rg8 26. Qh3 Bg4 27. Qg3 Bf5 0-1

[Event "NRW-ch U16"]
[Site "Kranenburg"]
[Date "2009.04.16"]
[Round "6"]
[White "Riederer, Martin"]
[Black "Eckert, Marius"]
[Result "1-0"]
[WhiteElo "1714"]
[BlackElo "1606"]
[PlyCount "72"]
[EventDate "2009.04.13"]
[EventType "swiss"]
[EventRounds "7"]
[EventCountry "GER"]
[SourceTitle "EXT 2010"]
[Source "ChessBase"]
[SourceDate "2010.11.25"]
[SourceVersion "1"]
[SourceVersionDate "2010.11.25"]
[SourceQuality "1"]

1. d4 d5 2. c4 e6 3. Nc3 Nf6 4. cxd5 exd5 5. Bg5 Nbd7 6. e3 c6 7. Bd3 Bd6 8. Nf3 0-0 9. 0-0 Qc7 10. Qc2 Re8 11. Rab1 h6 12. Bh4 Qa5 13. a3 Be7 14. b4 Qc7 15. Bg3 Bd6 16. Nb5 cxb5 17. Qxc7 Bxc7 18. Bxc7 a6 19. Rbc1 Ne4 20. Bxe4 dxe4 21. Nd2 Nf6 22. Be5 Bd7 23. Bxf6 gxf6 24. Rc5 f5 25. Rfc1 Rac8 26. Rxc8 Rxc8 27. Rxc8+ Bxc8 28. f3 exf3 29. Nxf3 Be6 30. Kf2 Kf8 31. Kg3 Kg7 32. Kf4 Kf6 33. Ne5 Bd5 34. g4 Be6 35. gxf5 Bxf5 36. Ng4+ Kg6 1-0

[Event "NRW-ch U16"]
[Site "Kranenburg"]
[Date "2009.04.14"]
[Round "2"]
[White "Riederer, Martin"]
[Black "Kartsev, Alexandr"]
[Result "0-1"]
[WhiteElo "1714"]
[BlackElo "2074"]
[PlyCount "96"]
[EventDate "2009.04.13"]
[EventType "swiss"]
[EventRounds "7"]
[EventCountry "GER"]
[SourceTitle "EXT 2010"]
[Source "ChessBase"]
[SourceDate "2010.11.25"]
[SourceVersion "1"]
[SourceVersionDate "2010.11.25"]
[SourceQuality "1"]

1. d4 d5 2. c4 c6 3. cxd5 cxd5 4. Nc3 Nf6 5. Nf3 e6 6. Bf4 Bd6 7. Bxd6 Qxd6 8. e3 0-0 9. Bd3 Nc6 10. 0-0 e5 11. Nb5 Qb8 12. dxe5 Nxe5 13. Nbd4 Bg4 14. Be2 Re8 15. Nxe5 Bxe2 16. Qxe2 Qxe5 17. Qb5 b6 18. Rfc1 h5 19. Rc6 Ne4 20. Nf3 Qf5 21. b4 Rac8 22. Rac1 Nd6 23. Nd4 Nxb5 24. Nxf5 Rxc6 25. Rxc6 Re4 26. g3 g6 27. Nd6 Rxb4 28. Nxb5 Rxb5 29. Rc2 Kg7 30. Kf1 Rc5 31. Rb2 Kf6 32. Ke2 Ke5 33. Kd3 Rc1 34. h4 f6 35. Rb4 Rf1 36. Ke2 Ra1 37. Rb2 g5 38. f4+ gxf4 39. gxf4+ Ke4 40. Rb4+ Kf5 41. Ra4 a5 42. Rd4 Rxa2+ 43. Kf3 Ke6 44. e4 Ra3+ 45. Kg2 dxe4 46. Rxe4+ Kf5 47. Rc4 Rb3 48. Ra4 Kg4 0-1